Central Library OPAC University of Rajshahi

The President, Congress and legislation / (Record no. 7011)

MARC details
000 -LEADER
fixed length control field 01034cam a2200289I 4500
001 - CONTROL NUMBER
control field 7011
003 - CONTROL NUMBER IDENTIFIER
rucl marc code BD-RjUL
005 - DATE AND TIME OF LATEST TRANSACTION
control field 20211208234343.0
008 - FIXED-LENGTH DATA ELEMENTS--GENERAL INFORMATION
fixed length control field 130114r19471946vp 00010 eng
035 ## - SYSTEM CONTROL NUMBER
System control number (BD-RjUL)7053
040 ## - CATALOGING SOURCE
Original cataloging agency DLC
Transcribing agency FUB
Modifying agency OCL
-- BOS
-- BD-RjUL
Language of cataloging eng
041 ## - LANGUAGE CODE
Language code of text/sound track or separate title eng
082 04 - DEWEY DECIMAL CLASSIFICATION NUMBER
Edition number 19
Classification number 328.7309
Author mark and year CHP 1947
090 ## - LOCALLY ASSIGNED LC-TYPE CALL NUMBER (OCLC); LOCAL CALL NUMBER (OCLC)
Classification number (OCLC) (R) ; Classification number, CALL (RLIN) (NR) JK585
Local cutter number (OCLC) ; Book number/undivided call number, CALL (RLIN) .F46
100 1# - MAIN ENTRY--PERSONAL NAME
Personal name Chamberlain, Lawrence H.
Fuller form of name (Lawrence Henry),
Dates associated with a name 1906-
9 (RLIN) 21966
245 14 - TITLE STATEMENT
Title The President, Congress and legislation /
Statement of responsibility, etc. Lawrence H. Chamberlain.
260 ## - PUBLICATION, DISTRIBUTION, ETC. (IMPRINT)
Place of publication, distribution, etc. New York ;
Name of publisher, distributor, etc. Columbia university press;
Place of publication, distribution, etc. London :
Name of publisher, distributor, etc. P. S. King & Staples, ltd.,
Date of publication, distribution, etc. c1946 [Printing 1947].
300 ## - PHYSICAL DESCRIPTION
Pagination 478 p. ;
Size 23cm.
490 0# - SERIES STATEMENT
Series statement Studies in history, economics and public law. No. 523.
500 ## - GENERAL NOTE
General note Issued also as thesis (PH. D.) Columbia university.
504 ## - BIBLIOGRAPHY, ETC. NOTE
Bibliography, etc Bibliography: p. 465-473.
650 #0 - SUBJECT ADDED ENTRY--TOPICAL TERM
Topical term or geographic name as entry element Legislation
Geographic subdivision United States.
9 (RLIN) 21967
Topical term or geographic name as entry element Executive power
Geographic subdivision United States.
9 (RLIN) 21968
651 #0 - SUBJECT ADDED ENTRY--GEOGRAPHIC NAME
Geographic name United States
General subdivision Congresses.
9 (RLIN) 21969
942 ## - ADDED ENTRY ELEMENTS (KOHA)
Source of classification or shelving scheme Dewey Decimal Classification
Koha item type Books
Holdings
Lost status Source of classification or shelving scheme Damaged status Not for loan Permanent Location Current Location Shelving location Date acquired Source of acquisition Cost, normal purchase price Total Checkouts Full call number Date last seen Copy number Koha item type Collection code
  Dewey Decimal Classification   Not For Loan Central Library, University of Rajshahi Central Library, University of Rajshahi   25/06/1955 O. U. P. 25.50   328.7309 CHP 1947 13/01/2014 C-1 Books  
  Dewey Decimal Classification     Central Library, University of Rajshahi Central Library, University of Rajshahi   25/06/1955 O. U. P. 22.80   328.7309 CHP 1947 17/08/2016 C-2 Books Non-fiction
  Dewey Decimal Classification     Central Library, University of Rajshahi Central Library, University of Rajshahi   18/07/1971 N/A 0.00   328.7309 CHP 1947 29/08/2016 C-3 Books Non-fiction